000 00625nam a2200229Ia 4500
008 160404s9999 xx 000 0 und d
020 _a971-23-3724-3
050 _aFIL HF 5549
050 _b.S57 2003 c.2
100 _aSison, Perfecto S.
245 _aPersonnel management in the 21st century /
245 _cPerfecto S. Sision.
250 _a7th Edition
260 _aManila :
260 _bRex Book Store, Inc.,
260 _c2003
300 _a218 pages :
300 _billustrations ;
300 _c25 cm.
500 _aIncludes bibliographical references and index.
650 _aPersonnel management.
999 _c293292
_d293292